| 000 | 00647nam a22001937a 4500 | ||
|---|---|---|---|
| 999 |
_c19637 _d19637 |
||
| 003 | AR-CdUCM | ||
| 008 | 190518b ||||| |||| 00| 0 spa d | ||
| 040 |
_aMUNICIPALIDAD PROVINCIAL DEL CUSCO _cBIBLIOTECA MUNICIPAL DEL CUSCO |
||
| 082 |
_a869.56 / _bT48 |
||
| 100 |
_aThorndike, Guillermo _910334 |
||
| 245 | _aEl revés de morir / | ||
| 260 |
_aLima : _bMosca azul, _c1932. |
||
| 300 |
_a290 páginas ; _c23 cm. |
||
| 505 | _aContenido : Elogio a las manadas y otras crónicas -- La doble vida del general de la alegría -- Elogio alas manadas... | ||
| 650 |
_aLiteratura _983 |
||
| 650 |
_aNovela _95 |
||
| 942 |
_2ddc _cLIBROS |
||
| 945 | _arcc | ||